Central Library OPAC University of Rajshahi

Balance sheets : (Record no. 15195)

MARC details
000 -LEADER
fixed length control field 00872cam a2200265u 4500
001 - CONTROL NUMBER
control field 15195
003 - CONTROL NUMBER IDENTIFIER
rucl marc code BD-RjUL
005 - DATE AND TIME OF LATEST TRANSACTION
control field 20211208235752.0
008 - FIXED-LENGTH DATA ELEMENTS--GENERAL INFORMATION
fixed length control field 140209s1962 enk 001 0 eng
035 ## - SYSTEM CONTROL NUMBER
System control number (BD-RjUL)15249
040 ## - CATALOGING SOURCE
Original cataloging agency DLC
Transcribing agency CarP
Modifying agency DLC
-- BD-RjUL
Language of cataloging eng
041 ## - LANGUAGE CODE
Language code of text/sound track or separate title eng
082 ## - DEWEY DECIMAL CLASSIFICATION NUMBER
Edition number 21
Classification number 657.3
Author mark and year TOB 1962
100 1# - MAIN ENTRY--PERSONAL NAME
Personal name Tovey, Philip. [from old catalog]
9 (RLIN) 47270
245 10 - TITLE STATEMENT
Title Balance sheets :
Remainder of title how to read and understand them ; a guide for investors, business men, commercial students, etc. //
Statement of responsibility, etc. Philip Tovey
250 ## - EDITION STATEMENT
Edition statement 4th ed.
260 ## - PUBLICATION, DISTRIBUTION, ETC. (IMPRINT)
Place of publication, distribution, etc. London :
Name of publisher, distributor, etc. Isaac Pitman,
Date of publication, distribution, etc. c1954 [ Reprinted 1962 ].
300 ## - PHYSICAL DESCRIPTION
Pagination viii, 126 p. ;
Size 23 cm.
504 ## - BIBLIOGRAPHY, ETC. NOTE
Bibliography, etc Includes index.
650 #0 - SUBJECT ADDED ENTRY--TOPICAL TERM
Topical term or geographic name as entry element Financial statements.
9 (RLIN) 47271
700 1# - ADDED ENTRY--PERSONAL NAME
Personal name De Paula, F. Clive
Fuller form of name (Frederic Clive),
Dates associated with a name 1916-
942 ## - ADDED ENTRY ELEMENTS (KOHA)
Source of classification or shelving scheme Dewey Decimal Classification
Koha item type Books
Holdings
Lost status Source of classification or shelving scheme Damaged status Not for loan Collection code Permanent Location Current Location Shelving location Date acquired Source of acquisition Cost, normal purchase price Total Checkouts Full call number Date last seen Copy number Koha item type
  Dewey Decimal Classification     Non-fiction Central Library, University of Rajshahi Central Library, University of Rajshahi   20/03/1963 Zeithlinger. 12.60   657.3 TOB 1962 09/02/2014 C-7 Books
  Dewey Decimal Classification     Non-fiction Central Library, University of Rajshahi Central Library, University of Rajshahi   20/03/2063 Zeitlinger 12.60   657.3 TOB 1962 09/02/2014 C-5 Books
  Dewey Decimal Classification   Not For Loan Non-fiction Central Library, University of Rajshahi Central Library, University of Rajshahi Reading Room 17/08/1957 zeitlinger 9.00   657.3 TOB 1962 03/04/2019 C-1 Books
  Dewey Decimal Classification     Non-fiction Central Library, University of Rajshahi Central Library, University of Rajshahi   03/04/2019       657.3 TOB 1962 03/04/2019 C-2 Books
  Dewey Decimal Classification     Non-fiction Central Library, University of Rajshahi Central Library, University of Rajshahi   21/04/1964 zeitlinger 12.00   657.3 TOB 1962 03/04/2019 C-3 Books
  Dewey Decimal Classification     Non-fiction Central Library, University of Rajshahi Central Library, University of Rajshahi   21/04/1964 zeitlinger 12.00   657.3 TOB 1962 03/04/2019 C-4 Books
  Dewey Decimal Classification     Non-fiction Central Library, University of Rajshahi Central Library, University of Rajshahi   21/04/1964 zeitlinger 12.00   657.3 TOB 1962 03/04/2019 C-6 Books
  Dewey Decimal Classification     Non-fiction Central Library, University of Rajshahi Central Library, University of Rajshahi   20/03/1963 zeitlinger 12.00   657.3 TOB 1962 03/04/2019 C-8 Books
  Dewey Decimal Classification     Non-fiction Central Library, University of Rajshahi Central Library, University of Rajshahi   21/04/1964 zeitlinger 12.00   657.3 TOB 1962 03/04/2019 C-9 Books
  Dewey Decimal Classification     Non-fiction Central Library, University of Rajshahi Central Library, University of Rajshahi   21/04/1964 zeitlinger 12.00   657.3 TOB 1962 03/04/2019 C-10 Books